000
00288nam a2200121Ia 4500
005
20260326100025.0
008
260326s9999||||xx |||||||||||||| ||und||
100
_a
ACSA
245
0
_a
Architectural Education Awards /
_c
ACSA
260
_b
ACSA
650
_a
ARQUITECTURA-GENERAL
942
_c
BK
999
_c
6359
_d
6359